| 000 | 00433nam a22001697a 4500 | ||
|---|---|---|---|
| 003 | SGT | ||
| 020 | _a9781461347224 | ||
| 082 |
_a616.85 _bC03K |
||
| 100 | _aKARANTH, PRATIBHA | ||
| 245 | _aCROSS-LINGUISTIC STUDY OF ACQUIRED READING DISORDERS | ||
| 250 | _a1ST | ||
| 260 |
_aNEW YORK _bSPRINGER _c2003 |
||
| 300 | _a167 | ||
| 650 | _aAUDIOLOGY | ||
| 653 | _aCROSS-LINGUISTIC STUDY OF ACQUIRED READING DISORDERS | ||
| 942 |
_2ddc _cBK |
||
| 999 |
_c27199 _d27199 |
||